000 01154cam a2200241 a 4500
001 vtls002393560
003 MY-SjTCS
005 20200306154026.0
008 110218s2002 njua 00 0 eng
020 _a0130094048
039 9 _a201209181412
_bizani
_c201102181239
_dVLOAD
_y200407271937
_zVLOAD
082 0 4 _a004
_bLON
100 1 _aLong, Larry E.
_92228
245 1 0 _aComputers :
_binformation technology in perspective /
_cLarry Long and Nancy Long.
250 _a10th ed., Brief ed.
260 _aUpper Saddle River, N.J. :
_bPrentice Hall,
_cc2002.
300 _axxviii, 405 p. :
_bill. (some col.) ;
_c29 cm.
505 0 _aGetting Started. - 1. The Technology Revolution. - 2. Software. - 3. Inside the Computer. - 4. Storing and Retrieving Information. - 5. Information Input and Output. - 6. Networks and Networking. - 7. Going Online. - 8. Exploring the Cyberworld. - 9. IT Ethics and Healthy Computing. - 10. Personal Computing. - Answers to Section Self-Checks. - Glossary. - Index.
650 0 _aComputers.
_9201653
650 0 _aElectronic data processing.
_9203314
700 1 _aLong, Nancy,
_d1947-
_994609
920 _aSOCIT : 540312
999 _c24261